| 000 | 02493nam a2200217Ia 4500 | ||
|---|---|---|---|
| 003 | Ost | ||
| 005 | 20260416102352.0 | ||
| 008 | 260416s9999||||xx |||||||||||||| ||und|| | ||
| 040 | _cfsecg | ||
| 041 | _aara | ||
| 082 | _a658.8 | ||
| 100 |
_aجنادي، كريم _eمؤلف |
||
| 245 | 0 |
_aالتسويق الداخلي (يدرس في تسويق الخدمات والتسويق الاستراتيجي للخدمات) / _c كريم جنادي |
|
| 260 |
_aالجزائر _bجامعة الجزائر3: كلية العلوم الإقتصادية، العلوم التجارية وعلوم التسيير _c2017 |
||
| 300 |
_a89 ورقة _bايضاحات _c30 سم |
||
| 504 | _aمراجع ص.86 | ||
| 520 | _aتعاريف حول التسويق الداخلي من زاوية اسهامات المفكرين التسويقيين، الدور الاستراتيجي للتسويق الداخلي كنظام سلوكي واداري، الأهداف البعيدة والقريبة لنظام التسويق الداخلي، شروط ومؤهلات نجاح نشاط ونظام التسويق الداخلي في المؤسسة المعاصرة، خصائص التسويق الداخلي، التسويق الداخلي بالمؤسسة البوصلة الاستراتيجية لنشاط الخدمات، محددات التسويق الداخلي، العوامل المؤيدة لانتشار وظهور التسويق الداخلي، الأنشطة الضرورية في تهيئة المؤسسة لتنفيذ التسويق الداخلي، العلاقات التسويقية الداخلية والخارجية ضمن فلسفة التسويق الداخلي، علاقة التسويق الداخلي ببعض المفاهيم الادارية المعاصرة، أنشطة واجراءات تطبيقية للتسويق الداخلي عمليا، نماذج التسويق الداخلي، التسويق الداخلي ومصداقية مؤسسة الخدمات، أثر التسويق الداخلي في تحقيق الميزة التنافسية للموارد البشرية في مؤسسة الخدمات، مساهمة التسويق الداخلي في تنمية ادارة الموارد البشرية لنشاط الخدمات استراتيجيا وعمليا. | ||
| 653 | _aالتسويق | ||
| 710 |
_aجامعة الجزائر3: كلية العلوم الإقتصادية، العلوم التجارية وعلوم التسيير _eناشر علمي |
||
| 942 | _cHANDOUT | ||
| 999 |
_c41055 _d41055 |
||